000 00703nam a2200229 a 4500
001 12919
003 BD-JhCC
005 20230604192831.0
008 230604s2021 bg |||| |||| 000 0 ban d
020 _a9789849547747
035 _a(BD-JhCC)12919
040 _aBD-JhCC
_dBD-JhCC
041 _aban
082 _a891.443
_bHOS 2021
100 _aহোসাইন, সাদাত
245 _aস্মৃতিগন্ধা /
_cসাদাত হোসাইন
260 _aঢাকা :
_bঅন্যধারা,
_c২০২১
300 _a৩২০ পৃ. :
_c২১ সেমি.
650 _aBengla Novel
650 _aবাংলা উপন্যাস
942 _2ddc
_cBK
_01
999 _c12919
_d12919